[Event "Lippe Cup-B 08th"]
[Site "Lieme"]
[Date "2011.10.28"]
[Round "1"]
[White "Buente, Ellen"]
[Black "Nolte, Wilhelm"]
[Result "0-1"]
[WhiteElo "1426"]
[BlackElo "1590"]
[PlyCount "72"]
[EventDate "2011.10.28"]
[EventType "swiss"]
[EventRounds "5"]
[EventCountry "GER"]
[SourceTitle "EXT 2012"]
[Source "ChessBase"]
[SourceDate "2011.11.24"]
[SourceVersion "1"]
[SourceVersionDate "2011.11.24"]
[SourceQuality "1"]

1. c4 e6 2. e4 g6 3. Nc3 Bg7 4. Nge2 d6 5. g3 c5 6. Bg2 Ne7 7. 0-0 Nbc6 8. f4 f5 9. h3 0-0 10. Kh2 e5 11. d3 Rb8 12. Be3 h6 13. Ng1 Kh7 14. Nf3 b6 15. Qd2 Bb7 16. Nd5 a6 17. Nh4 Bc8 18. Bf3 Nd4 19. Rf2 Nxf3+ 20. Nxf3 Nc6 21. Rg1 Qd7 22. Rfg2 fxe4 23. Kh1 exf3 24. Rh2 Ne7 25. fxe5 Nxd5 26. cxd5 dxe5 27. Rf1 f2 28. g4 Qxd5+ 29. Rg2 Bb7 30. Rfxf2 Rxf2 31. Qxf2 Rf8 32. Qd2 Rf1+ 33. Kh2 e4 34. dxe4 Be5+ 35. Bf4 Qxd2 36. Rxd2 Bxf4+ 0-1

[Event "Niedersachsen-ch Seniors op 14th"]
[Site "Bad Bevensen"]
[Date "2011.07.05"]
[Round "1"]
[White "Nolte, Wilhelm"]
[Black "Pape, Manfred"]
[Result "0-1"]
[WhiteElo "1593"]
[BlackElo "2071"]
[PlyCount "59"]
[EventDate "2011.07.05"]
[EventType "swiss"]
[EventRounds "9"]
[EventCountry "GER"]
[SourceTitle "EXT 2012"]
[Source "ChessBase"]
[SourceDate "2011.11.24"]
[SourceVersion "1"]
[SourceVersionDate "2011.11.24"]
[SourceQuality "1"]

1. e4 g6 2. d4 Bg7 3. Be3 d6 4. Bd3 Nc6 5. c3 e5 6. Ne2 Nf6 7. f3 0-0 8. 0-0 Qe7 9. Qd2 Re8 10. d5 Nb8 11. c4 Nbd7 12. b4 Nh5 13. Nbc3 a6 14. Rac1 Qf8 15. Kh1 Kh8 16. c5 f5 17. cxd6 cxd6 18. Na4 f4 19. Bf2 g5 20. g3 fxg3 21. Bxg3 Nf4 22. Bxf4 gxf4 23. Rg1 Bf6 24. Rg2 Qf7 25. Rcg1 b5 26. Nac3 Nb6 27. Nd1 Bh3 28. Rf2 Bh4 29. Rfg2 Bxg2+ 30. Rxg2 0-1

[Event "Lippe Cup-B 07th"]
[Site "Lieme"]
[Date "2010.10.17"]
[Round "4"]
[White "Nolte, Wilhelm"]
[Black "Kardoeus, David"]
[Result "1-0"]
[WhiteElo "1643"]
[BlackElo "1516"]
[PlyCount "57"]
[EventDate "2010.10.15"]
[EventType "swiss"]
[EventRounds "5"]
[EventCountry "GER"]
[SourceTitle "EXT 2012"]
[Source "ChessBase"]
[SourceDate "2011.11.24"]
[SourceVersion "1"]
[SourceVersionDate "2011.11.24"]
[SourceQuality "1"]

1. c4 e6 2. g3 c5 3. Bg2 Nc6 4. e4 Nf6 5. Nc3 Qc7 6. d3 a6 7. Nge2 Nd4 8. 0-0 Rb8 9. f4 d6 10. a3 e5 11. Rb1 b5 12. h3 b4 13. axb4 cxb4 14. Nd5 Nxd5 15. exd5 Qb6 16. Kh2 b3 17. Nc3 Be7 18. fxe5 dxe5 19. Qh5 Bf6 20. Ne4 Bf5 21. c5 Qd8 22. Nd6+ Kd7 23. Qxf7+ Be7 24. Nxf5 Nxf5 25. Qxf5+ Ke8 26. d6 Bf6 27. Qe6+ Kf8 28. c6 Qc8 29. Rxf6+ 1-0

[Event "Bad Bevensen Seniors op 12th"]
[Site "Bad Bevensen"]
[Date "2009.07.14"]
[Round "8"]
[White "Pachler, Klaus"]
[Black "Nolte, Wilhelm"]
[Result "1-0"]
[WhiteElo "1747"]
[BlackElo "1636"]
[PlyCount "72"]
[EventDate "2009.07.07"]
[EventType "swiss"]
[EventRounds "9"]
[EventCountry "GER"]
[SourceTitle "EXT 2022"]
[Source "ChessBase"]
[SourceDate "2021.10.06"]
[SourceVersion "1"]
[SourceVersionDate "2021.10.06"]
[SourceQuality "1"]

1. d4 e6 2. e3 Nf6 3. Bd3 d5 4. Nd2 c6 5. f4 c5 6. c3 cxd4 7. exd4 Bd6 8. g3 0-0 9. Ngf3 h6 10. 0-0 b6 11. Qe2 Re8 12. Ne5 Re7 13. Qg2 Bb7 14. g4 Nbd7 15. h4 Nf8 16. g5 hxg5 17. hxg5 N6d7 18. Ndf3 f6 19. Ng6 Re8 20. Qh3 f5 21. Qh8+ Kf7 22. Nge5+ Nxe5 23. fxe5 Ng6 24. Qh2 Be7 25. Be3 Rh8 26. Qg3 a5 27. Kg2 Qc8 28. Rh1 Rxh1 29. Rxh1 Ba6 30. Bb1 Qc4 31. Ng1 Qf1+ 32. Kh2 Rh8+ 33. Nh3 Qe2+ 34. Qf2 Qxf2+ 35. Bxf2 Bxg5 36. Kg2 Nf4+ 1-0

[Event "Bad Bevensen Seniors op 12th"]
[Site "Bad Bevensen"]
[Date "2009.07.07"]
[Round "1"]
[White "Nolte, Wilhelm"]
[Black "Schlag, Franz"]
[Result "0-1"]
[WhiteElo "1636"]
[BlackElo "1939"]
[PlyCount "70"]
[EventDate "2009.07.07"]
[EventType "swiss"]
[EventRounds "9"]
[EventCountry "GER"]
[SourceTitle "EXT 2022"]
[Source "ChessBase"]
[SourceDate "2021.10.06"]
[SourceVersion "1"]
[SourceVersionDate "2021.10.06"]
[SourceQuality "1"]

1. e4 e5 2. Nf3 Nc6 3. Bc4 Be7 4. c3 Bf6 5. d3 Nge7 6. 0-0 0-0 7. b4 Ng6 8. d4 d6 9. d5 Nb8 10. Be2 b6 11. c4 a5 12. b5 Nd7 13. Nc3 Nc5 14. h3 Nf4 15. Kh2 h6 16. Ng1 Bg5 17. Bb2 f5 18. g3 Ng6 19. Bh5 Nf4 20. gxf4 Bxf4+ 21. Kh1 fxe4 22. Bg4 Qg5 23. Bxc8 Raxc8 24. Qg4 Rf5 25. Rae1 Qxg4 26. hxg4 Rg5 27. Nxe4 Rxg4 28. Nxc5 bxc5 29. Re4 Rh4+ 30. Kg2 Rh2+ 31. Kf3 Rf8 32. Ke2 Bg3 33. Nf3 Rg2 34. Bc3 a4 35. Be1 Bf4 0-1

[Event "Niedersachsen-ch Seniors op 11th"]
[Site "Bad Bevensen"]
[Date "2008.07.14"]
[Round "7"]
[White "Nolte, Wilhelm"]
[Black "Tuertmann, Dieter"]
[Result "0-1"]
[WhiteElo "1638"]
[BlackElo "1817"]
[PlyCount "114"]
[EventDate "2008.07.08"]
[EventType "swiss"]
[EventRounds "9"]
[EventCountry "GER"]
[SourceTitle "EXT 2022"]
[Source "ChessBase"]
[SourceDate "2021.10.06"]
[SourceVersion "1"]
[SourceVersionDate "2021.10.06"]
[SourceQuality "1"]

1. e4 c5 2. Nf3 d6 3. d4 cxd4 4. Nxd4 Nf6 5. f3 e6 6. Be2 Be7 7. 0-0 0-0 8. Kh1 a6 9. c4 Qc7 10. Nc3 Nc6 11. Be3 Nxd4 12. Bxd4 Bd7 13. Rc1 Bc6 14. b3 Nd7 15. Qe1 Qd8 16. Qg3 e5 17. Be3 Kh8 18. Nd5 Bxd5 19. exd5 f5 20. Qf2 Rc8 21. Rc2 f4 22. Bd2 b6 23. Bd3 Rf7 24. Qe2 Nc5 25. Rfc1 Bf8 26. b4 Nxd3 27. Qxd3 Rfc7 28. Be1 Rd7 29. a4 g6 30. Bf2 Kg7 31. Qe4 Rb7 32. c5 bxc5 33. bxc5 a5 34. cxd6 Rxc2 35. Qxe5+ Qf6 36. Qxf6+ Kxf6 37. Rxc2 Rb1+ 38. Bg1 Bxd6 39. h3 Ke5 40. Kh2 Rd1 41. Bc5 Rxd5 42. Bxd6+ Kxd6 43. Rc4 g5 44. h4 h6 45. hxg5 hxg5 46. Kh3 Rd2 47. Re4 Rb2 48. g3 fxg3 49. Kxg3 Rb4 50. Rg4 Ke6 51. Rxg5 Rxa4 52. f4 Kf6 53. Rb5 Ra1 54. Kf3 a4 55. Ke3 a3 56. Kd2 a2 57. Ra5 Rh1 0-1

[Event "Niedersachsen-ch Seniors op 11th"]
[Site "Bad Bevensen"]
[Date "2008.07.09"]
[Round "2"]
[White "Kuhnert, Werner Eberhard"]
[Black "Nolte, Wilhelm"]
[Result "1/2-1/2"]
[WhiteElo "1331"]
[BlackElo "1638"]
[PlyCount "81"]
[EventDate "2008.07.08"]
[EventType "swiss"]
[EventRounds "9"]
[EventCountry "GER"]
[SourceTitle "EXT 2022"]
[Source "ChessBase"]
[SourceDate "2021.10.06"]
[SourceVersion "1"]
[SourceVersionDate "2021.10.06"]
[SourceQuality "1"]

1. d4 e6 2. c4 Nf6 3. Nc3 d5 4. Nf3 b6 5. e3 Nbd7 6. cxd5 exd5 7. Be2 c6 8. 0-0 Bd6 9. h3 0-0 10. Qc2 Re8 11. Bd3 h6 12. e4 dxe4 13. Nxe4 Qc7 14. Nxd6 Qxd6 15. Bd2 Bb7 16. Rfe1 c5 17. Bc3 Bxf3 18. gxf3 cxd4 19. Bd2 Ne5 20. Kg2 Nxd3 21. Qxd3 Re6 22. Rxe6 fxe6 23. a3 e5 24. Bb4 Qe6 25. Re1 Qd5 26. Kg1 Re8 27. b3 Kh8 28. Qf5 d3 29. Rd1 Rd8 30. Be7 e4 31. Qxd5 Rxd5 32. Bxf6 gxf6 33. fxe4 Rd4 34. f3 Kg7 35. Kf2 f5 36. Ke3 Rd7 37. Rxd3 f4+ 38. Ke2 Rc7 39. Kd2 Kf6 40. Rd6+ Kg5 41. e5 1/2-1/2

[Event "Seefeld op 18th"]
[Site "Seefeld"]
[Date "2007.09.04"]
[Round "4"]
[White "Nolte, Wilhelm"]
[Black "Storkebaum, Karl Heinrich"]
[Result "0-1"]
[WhiteElo "1775"]
[BlackElo "2032"]
[PlyCount "70"]
[EventDate "2007.09.01"]
[EventType "swiss"]
[EventRounds "9"]
[EventCountry "AUT"]
[SourceTitle "EXT 2009"]
[Source "ChessBase"]
[SourceDate "2008.11.26"]
[SourceVersion "1"]
[SourceVersionDate "2008.11.26"]
[SourceQuality "1"]

1. e4 c5 2. Nf3 d6 3. d4 cxd4 4. Nxd4 Nf6 5. Nc3 a6 6. Be2 e5 7. Nb3 Be6 8. 0-0 Nbd7 9. Bg5 Be7 10. Qd2 0-0 11. Kh1 Qc7 12. Rac1 Rad8 13. f4 h6 14. Bh4 Nb6 15. f5 Bc4 16. Bd3 d5 17. Qe2 dxe4 18. Nxe4 Nxe4 19. Qxe4 Bxh4 20. Qxh4 f6 21. Rf3 a5 22. Qg3 a4 23. Bxc4+ Qxc4 24. Rc3 Qd5 25. Rd3 Qb5 26. Na1 Qxb2 27. Qe3 Rd4 28. Rxd4 exd4 29. Qe6+ Kh8 30. Re1 Qb4 31. Qe7 Nd5 32. Qxb4 Nxb4 33. Re7 b5 34. h3 Nxa2 35. Rd7 Re8 0-1

[Event "Seefeld op 18th"]
[Site "Seefeld"]
[Date "2007.09.03"]
[Round "3"]
[White "Masson, Wally"]
[Black "Nolte, Wilhelm"]
[Result "0-1"]
[WhiteElo "1290"]
[BlackElo "1775"]
[PlyCount "86"]
[EventDate "2007.09.01"]
[EventType "swiss"]
[EventRounds "9"]
[EventCountry "AUT"]
[SourceTitle "EXT 2009"]
[Source "ChessBase"]
[SourceDate "2008.11.26"]
[SourceVersion "1"]
[SourceVersionDate "2008.11.26"]
[SourceQuality "1"]

1. f4 d5 2. Nf3 c5 3. b3 Nc6 4. e3 e6 5. Bb5 Bd7 6. 0-0 Nf6 7. Bxc6 Bxc6 8. Bb2 Be7 9. Ne5 Rc8 10. d3 0-0 11. Qe1 b6 12. Qg3 Bb7 13. Nd2 Ne8 14. Ndf3 Bf6 15. Qh3 Qe7 16. g4 d4 17. g5 Bxe5 18. Nxe5 f6 19. g6 h6 20. Ng4 Rd8 21. e4 Bc8 22. Rf3 Nc7 23. f5 exf5 24. exf5 Rde8 25. Nxh6+ gxh6 26. Qxh6 Qg7 27. Qh5 Nd5 28. Raf1 Ne3 29. R1f2 Re5 30. Bc1 Rfe8 31. Rh3 R8e7 32. Rff3 Rxf5 33. Rxf5 Bxf5 34. Rg3 Re5 35. Kf2 Bd7 36. Bxe3 Rxh5 37. Bf4 Rxh2+ 38. Kg1 Rh5 39. Bc1 Bf5 40. a4 Qb7 41. Bd2 Qh1+ 42. Kf2 Rh2+ 43. Rg2 Qxg2+ 0-1

[Event "Lippe Cup 03rd"]
[Site "Lieme"]
[Date "2006.10.07"]
[Round "2"]
[White "Nolte, Wilhelm"]
[Black "Kaierle, Dieter"]
[Result "1-0"]
[WhiteElo "1585"]
[BlackElo "1391"]
[PlyCount "67"]
[EventDate "2006.10.06"]
[EventType "swiss"]
[EventRounds "5"]
[EventCountry "GER"]
[SourceTitle "EXT 2012"]
[Source "ChessBase"]
[SourceDate "2011.11.24"]
[SourceVersion "1"]
[SourceVersionDate "2011.11.24"]
[SourceQuality "1"]

1. e4 e5 2. Nc3 Nf6 3. f4 d6 4. Bc4 c6 5. Nf3 Bg4 6. 0-0 d5 7. fxe5 dxe4 8. exf6 exf3 9. Qe1+ Kd7 10. Qg3 Bc5+ 11. Kh1 h5 12. Ne4 Bd4 13. gxf3 Be6 14. Qd6+ Kc8 15. Bxe6+ fxe6 16. Qxe6+ Nd7 17. Nd6+ Kb8 18. fxg7 Bxg7 19. Nf7 Qe8 20. Qd6+ Kc8 21. Nxh8 Qxh8 22. d3 Be5 23. Qe6 Kc7 24. Bd2 Re8 25. Qh3 Bxb2 26. Rae1 b6 27. Rxe8 Qxe8 28. Re1 Qf7 29. Re4 Ne5 30. Bf4 Qd5 31. Qxh5 Qxa2 32. Bxe5+ Bxe5 33. Qxe5+ Kb7 34. Qg7+ 1-0

[Event "Niedersachsen-ch Seniors 40th"]
[Site "Wingst"]
[Date "2006.04.04"]
[Round "1"]
[White "Nolte, Wilhelm"]
[Black "Ahrens, Gerhard"]
[Result "0-1"]
[WhiteElo "1605"]
[BlackElo "1962"]
[PlyCount "106"]
[EventDate "2006.04.04"]
[EventType "swiss"]
[EventRounds "9"]
[EventCountry "GER"]
[SourceTitle "EXT 2007"]
[Source "ChessBase"]
[SourceDate "2006.11.23"]
[SourceVersion "1"]
[SourceVersionDate "2006.11.23"]
[SourceQuality "1"]

1. e4 e5 2. Nf3 d6 3. d4 exd4 4. Qxd4 Nc6 5. Bb5 Bd7 6. Bxc6 Bxc6 7. Nc3 Nf6 8. Bg5 Be7 9. 0-0-0 h6 10. Bh4 0-0 11. Nd5 Bxd5 12. exd5 a5 13. a4 Qd7 14. Nd2 b5 15. Rhe1 bxa4 16. Nc4 Rfe8 17. Rd3 g5 18. Bg3 Nh5 19. Rde3 Bf6 20. Rxe8+ Rxe8 21. Rxe8+ Qxe8 22. Qd1 Nxg3 23. fxg3 Qb5 24. Qd3 Qc5 25. c3 Qg1+ 26. Kc2 Qxg2+ 27. Qd2 Qf1 28. Qd3 Qf2+ 29. Qd2 Qc5 30. Qd3 Qb5 31. Na3 Qb3+ 32. Kb1 Qb6 33. Kc2 Qf2+ 34. Qd2 Qg1 35. Nc4 Kg7 36. Qe2 Qh1 37. Qd2 Qe4+ 38. Qd3 Qg2+ 39. Qd2 Qg1 40. Qe2 Qc5 41. Qd3 h5 42. Na3 h4 43. Nc4 Qf2+ 44. Nd2 hxg3 45. hxg3 Be5 46. Qf3 Bxg3 47. Qxf2 Bxf2 48. Ne4 Be3 49. c4 f5 50. Nc3 g4 51. Kd3 Bb6 52. Ne2 Kf6 53. Nf4 Kg5 0-1

[Event "Lippe Cup 02nd"]
[Site "Lieme"]
[Date "2005.10.09"]
[Round "5"]
[White "Egberts, Niklas"]
[Black "Nolte, Wilhelm"]
[Result "0-1"]
[WhiteElo "1282"]
[BlackElo "1653"]
[PlyCount "60"]
[EventDate "2005.10.07"]
[EventType "swiss"]
[EventRounds "5"]
[EventCountry "GER"]
[SourceTitle "EXT 2012"]
[Source "ChessBase"]
[SourceDate "2011.11.24"]
[SourceVersion "1"]
[SourceVersionDate "2011.11.24"]
[SourceQuality "1"]

1. e4 c5 2. Nf3 Nc6 3. d4 cxd4 4. Nxd4 g6 5. Nc3 Bg7 6. Be3 Nf6 7. Bd3 0-0 8. 0-0 d5 9. exd5 Nxd5 10. Be4 Nxe3 11. Nxc6 Nxd1 12. Nxd8 Nxc3 13. bxc3 Rxd8 14. Rad1 Be6 15. a4 Rxd1 16. Rxd1 Rc8 17. Bxb7 Rxc3 18. Rd8+ Bf8 19. Ra8 Ra3 20. h3 Rxa4 21. Bf3 a5 22. Kf1 Kg7 23. Ke2 Bf5 24. c4 e6 25. g4 Ra2+ 26. Ke3 Ra3+ 27. Kd2 Bb4+ 28. Kc1 Bd3 29. Kb2 Bxc4 30. Rb8 Rxf3 0-1